| 000 | 00991na a2200301 4500 | ||
|---|---|---|---|
| 999 |
_c9233 _d9233 |
||
| 001 | 20738 | ||
| 003 | MIRAKIL | ||
| 005 | 20210406122207.0 | ||
| 008 | 170307b tu 000 0 | ||
| 035 | _a20738 | ||
| 040 |
_aTR-AnCHP _btur _cTR-AnCHP |
||
| 041 | _atur | ||
| 082 | _aBROŞÜR 192 | ||
| 090 | _aBROŞÜR 192 | ||
| 110 | _aCumhuriyet Halk Partisi (CHP) | ||
| 245 |
_aVatandaşın borcu _cCumhuriyet Halk Partisi |
||
| 260 |
_aAnkara _bCHP _c2015 |
||
| 300 |
_a12 s. _brnkl. _c21 sm. |
||
| 440 |
_aCumhuriyet Halk Partisi yayınları _pRaporlar |
||
| 610 |
_aCumhuriyet Halk Partisi (CHP) _xİktidar eleştirisi _yEkonomi politkaları |
||
| 650 |
_aEkonomik göstergeler _x2002-2015 _zTürkiye |
||
| 651 |
_aTürkiye _xEkonomik durum _y2002-2015 _yİstatistikler |
||
| 830 | _aCHP raporları | ||
| 942 |
_2ddc _cBKS |
||
| 999 | _d9233 | ||